Una interpretación económica de la constitución de los Estados Unidos

Guardat en:
Dades bibliogràfiques
Autor principal: Beard, Charles A (Autor)
Format: Llibre
Idioma:espanyol
Publicat: Buenos Aires Arayú 1953
Col·lecció:Colección del Instituto de Derecho Político, Constitucional y de la Administración. Temas de la constitución
Matèries:
Etiquetes: Afegir etiqueta
Sense etiquetes, Sigues el primer a etiquetar aquest registre!

MARC

LEADER 00000nam a2200000 a 4500
001 UCP8624
003 CL-VaPUC
008 000310e19530000AG |||||||||||||||||spa|d
082 0 4 |a 342.029  |b BEA  |2 21 
100 0 |a Beard, Charles A  |e author  |9 329941 
245 1 4 |a Una interpretación económica de la constitución de los Estados Unidos 
300 |a 330 p 
942 |c BK 
945 |d 20000310 00:00:00  |a lriquelm 
260 |a Buenos Aires  |b Arayú  |c 1953 
650 0 |a Derecho constitucional   |9 222588 
650 0 |a Política económica   |9 255029 
650 7 |a GRUPOS DE INTERESES  |2 CL-VaPUC  |9 375711 
651 0 |a Estados Unidos  |9 255178 
583 |a last modification  |c 20131001 12:54:38  |k Rodrigo Vera 
490 0 |a Colección del Instituto de Derecho Político, Constitucional y de la Administración. Temas de la constitución 
999 |c 285515  |d 285513 
952 |0 0  |1 0  |4 0  |6 342_029000000000000_BEA_1953  |7 0  |8 A  |9 330173  |a BIBHIS  |b BIBHIS  |d 2019-11-20  |i 1385097  |o 342.029 BEA 1953  |p 1385097  |r 2025-01-20  |w 2019-11-20  |y BK  |k HIS